Music Quiz

Random Music or Bands Quiz

Album Cover Close-Up Quiz Stats

 Plays Quiz Updated Aug 24, 2016

Challenge
Share
Tweet
Score 0/20 Timer 03:00
7 Plays Today
% Correct
Pink Floyd (Dark Side of the Moon)
93.3%
Nirvana (Nevermind)
92.9%
Bruce Springsteen (Born in the USA)
88.4%
Fleetwood Mac (Rumours)
69.3%
Madonna (Madonna)
65.8%
Green Day (Dookie)
65.5%
Eagles (Hotel California)
65.4%
Jay-Z (The Blueprint)
63.8%
Rihanna (Good Girl Gone Bad)
59.6%
Lady Gaga (The Fame)
56.1%
% Correct
Taylor Swift (Taylor Swift)
56%
Prince (Purple Rain)
55.4%
R.E.M. (Automatic for the People)
52.1%
Boston (Boston)
49.5%
Van Halen (1984)
47.3%
Queen (News of the World)
43.3%
Pearl Jam (Ten)
42.1%
Katy Perry (One of the Boys)
39.6%
Joan Jett (Bad Reputation)
24%
Muse (Black Holes and Revelations)
16.4%

You're not logged in!

Compare scores with friends on all Sporcle quizzes.
OR
Log In

You Might Also Like...

Show Comments

Extras

Top Quizzes Today


Score Distribution

Your Account Isn't Verified!

In order to create a playlist on Sporcle, you need to verify the email address you used during registration. Go to your Sporcle Settings to finish the process.

Report this User

Report this user for behavior that violates our Community Guidelines.

Details: